000 00741nam a22002297a 4500
005 20170124105944.0
010 _a916831
020 _c00.00
035 _a916831
037 _bCen Lib/Ret
040 _aDPL
_bEN
082 _a331.88
_bDHY
100 _aDhyani, S. N.
_911928
245 _aInternational labour organisation and India :
_cby S. N. Dhyani
_bin pursuit of social justice /
260 _aNew Delhi
_bNational
_c1977
270 _bNew Delhi
_a23, Darya Ganj
_e110002
300 _axv, 315p.
_c22cm(Hb)
500 _aIncludes bibliographical references and index
650 _aInternational Labour Organisation -- India
_911929
650 _aLabor policy -- India
_911930
942 _2ddc
_cEN
_h331.88
_mDHY
999 _c124784
_d124784